[Event "19. Wch 2009 Veteranos"]
[Site "Condino ITA"]
[Date "2009.10.31"]
[Round "5.9"]
[White "Wittmann, Walter"]
[Black "Shvedchikov, Anatoli I"]
[Result "1/2-1/2"]
[WhiteElo "2291"]
[BlackElo "2411"]
[PlyCount "135"]
[EventDate "2009.10.27"]
[EventType "swiss"]
[EventRounds "11"]
[EventCountry "ITA"]
[Source "lmi"]
[SourceDate "2009.10.27"]

1. e4 c5 2. Nf3 Nc6 3. d4 cxd4 4. Nxd4 g6 5. Nc3 Bg7 6. Be3 Nf6 7. Bc4 Qa5 8.
O-O O-O 9. Bb3 d6 10. h3 Bd7 11. Re1 Rfd8 12. Qd3 Be8 13. Rad1 e6 14. Qb5 Qc7
15. Qg5 h6 16. Qh4 g5 17. Qg3 Ne5 18. f3 Nh5 19. Qf2 Qe7 20. Nde2 b5 21. g4 Nf6
22. a3 Ng6 23. f4 gxf4 24. Nxf4 Ne5 25. Nd3 Nc4 26. g5 Nh7 27. gxh6 Nxe3 28.
Qxe3 Bxc3 29. bxc3 Qg5+ 30. Kf2 Qxe3+ 31. Kxe3 Nf8 32. Nf4 Kh7 33. Rg1 Kxh6 34.
Rg4 Rac8 35. Kd2 d5 36. exd5 exd5 37. Rh4+ Kg5 38. Rg1+ Kf6 39. Nxd5+ Ke5 40.
Re1+ Kd6 41. Kc1 Ne6 42. Rd1 Rb8 43. Rh6 Kc5 44. Rh5 Kc6 45. Rf1 a5 46. Nf6 Rd6
47. Bd5+ Kb6 48. Rh8 Rbd8 49. Bxe6 Rxe6 50. Kb2 Kc7 51. Nxe8+ Rdxe8 52. Rxe8
Rxe8 53. Rxf7+ Kb6 54. Rf4 Kc5 55. a4 bxa4 56. Rxa4 Kb5 57. Rg4 Re3 58. h4 a4
59. Rg5+ Kb6 60. h5 Rh3 61. c4 a3+ 62. Ka2 Kc6 63. c5 Kb5 64. Rf5 Kc6 65. c4
Kc7 66. Re5 Kc6 67. Rg5 Kc7 68. Rf5 1/2-1/2

[Event "19. Wch 2009 Veteranos"]
[Site "Condino ITA"]
[Date "2009.10.31"]
[Round "5.10"]
[White "Kaufman, Larry C"]
[Black "Malmdin, Nils-Ake"]
[Result "0-1"]
[WhiteElo "2401"]
[BlackElo "2282"]
[PlyCount "78"]
[EventDate "2009.10.27"]
[EventType "swiss"]
[EventRounds "11"]
[EventCountry "ITA"]
[Source "lmi"]
[SourceDate "2009.10.27"]

1. d4 Nf6 2. c4 e6 3. Nf3 c5 4. d5 exd5 5. cxd5 d6 6. Nc3 g6 7. Qa4+ Bd7 8. Qb3
Qc7 9. e4 Bg7 10. Bc4 O-O 11. O-O a6 12. a4 Bc8 13. h3 Nbd7 14. Bf4 Nh5 15. Bh2
Ne5 16. Be2 Nxf3+ 17. Bxf3 Nf6 18. Rfe1 Nd7 19. Be2 b6 20. f4 Bb7 21. Kh1 Rae8
22. Bc4 Qd8 23. Qc2 g5 24. g3 gxf4 25. gxf4 Kh8 26. Qd3 Qh4 27. Rg1 f5 28. exf5
Bd4 29. Rg4 Re1+ 30. Rxe1 Qxe1+ 31. Bg1 Nf6 32. Rg5 b5 33. axb5 axb5 34. Nxb5
Ne4 35. Kh2 Bxg1+ 36. Rxg1 Qf2+ 37. Rg2 Qxf4+ 38. Kg1 Rxf5 39. Nc3 Nf2 0-1

[Event "19. Wch 2009 Veteranos"]
[Site "Condino ITA"]
[Date "2009.10.31"]
[Round "5.11"]
[White "Van Riemsdijk, Herman C"]
[Black "Loktiev, Ivan"]
[Result "1-0"]
[WhiteElo "2385"]
[BlackElo "2261"]
[PlyCount "87"]
[EventDate "2009.10.27"]
[EventType "swiss"]
[EventRounds "11"]
[EventCountry "ITA"]
[Source "lmi"]
[SourceDate "2009.10.27"]

1. e4 e5 2. Nf3 Nc6 3. Bb5 a6 4. Ba4 d6 5. c3 Bd7 6. d4 Nge7 7. Be3 Ng6 8. h4
Be7 9. g3 Bf6 10. d5 Nb8 11. Bc2 Bg4 12. Nbd2 a5 13. Ba4+ Bd7 14. Nh2 Bxa4 15.
Qxa4+ Nd7 16. Ng4 h6 17. Nxf6+ Qxf6 18. O-O-O Qd8 19. f4 f6 20. f5 Ne7 21. g4
Nc8 22. g5 Qe7 23. gxh6 gxh6 24. Rdg1 Ncb6 25. Qb5 a4 26. Rg6 a3 27. Bxb6 axb2+
28. Kxb2 cxb6 29. Nc4 Ra6 30. Rhg1 Rh7 31. Rg8+ Kf7 32. Nd2 Nf8 33. Qe2 Ke8 34.
Qg4 Qf7 35. Nc4 b5 36. Na3 Rb6 37. Nc2 Ra6 38. Rg3 h5 39. Qe2 Qc7 40. Qxb5+ Kf7
41. Nb4 Ra5 42. Qe2 Ra8 43. Qg2 Qa5 44. R3g7+ 1-0

[Event "19. Wch 2009 Veteranos"]
[Site "Condino ITA"]
[Date "2009.10.31"]
[Round "5.12"]
[White "Kraidman, Yair"]
[Black "Mishuchkov, Nikolai M"]
[Result "1/2-1/2"]
[WhiteElo "2271"]
[BlackElo "2379"]
[PlyCount "126"]
[EventDate "2009.10.27"]
[EventType "swiss"]
[EventRounds "11"]
[EventCountry "ITA"]
[Source "lmi"]
[SourceDate "2009.10.27"]

1. d4 d5 2. Nf3 Nf6 3. c4 dxc4 4. e3 a6 5. Bxc4 b5 6. Bd3 Bb7 7. a4 b4 8. b3 e6
9. O-O c5 10. Bb2 Nc6 11. Nbd2 cxd4 12. exd4 Be7 13. Rc1 O-O 14. Ne4 Nxe4 15.
Bxe4 Na5 16. Bxb7 Nxb7 17. Ne5 Qd5 18. Qd3 Na5 19. Nc4 Rfd8 20. Rfd1 Nxc4 21.
bxc4 Qg5 22. d5 exd5 23. cxd5 a5 24. Rc4 h5 25. Qf3 Ra7 26. Rf4 Bf8 27. h3 Qg6
28. Rf5 Rad7 29. Rd3 Rc8 30. Rxh5 Rc2 31. Be5 f6 32. Rf5 Bc5 33. Bd4 Bxd4 34.
Rxd4 Rc3 35. Rd3 Qe8 36. d6 Rxd6 37. Rxc3 Qe1+ 38. Kh2 Qxc3 39. Qa8+ Kf7 40.
Rxa5 Rd7 41. Qb8 Qc7+ 42. Qxc7 Rxc7 43. Rb5 Rc2 44. Rxb4 Rxf2 45. Rb7+ Kg6 46.
a5 Ra2 47. Rb5 Kh6 48. h4 g6 49. Kg3 f5 50. Kf3 Ra3+ 51. Kf4 Ra4+ 52. Ke5 Rxh4
53. a6 Ra4 54. Rb6 Kh5 55. Kd5 f4 56. Kc6 g5 57. Kb7 g4 58. Rb3 f3 59. gxf3 g3
60. a7 Kg5 61. a8=Q Rxa8 62. Kxa8 Kf4 63. Kb7 g2 1/2-1/2

[Event "19. Wch 2009 Veteranos"]
[Site "Condino ITA"]
[Date "2009.10.31"]
[Round "5.13"]
[White "Plachetka, Jan"]
[Black "Sherwin, James T"]
[Result "1-0"]
[WhiteElo "2378"]
[BlackElo "2234"]
[PlyCount "75"]
[EventDate "2009.10.27"]
[EventType "swiss"]
[EventRounds "11"]
[EventCountry "ITA"]
[Source "lmi"]
[SourceDate "2009.10.27"]

1. e4 e5 2. Nf3 Nc6 3. Bb5 a6 4. Ba4 Nf6 5. O-O Be7 6. Re1 b5 7. Bb3 d6 8. c3
O-O 9. h3 Nb8 10. d4 Nbd7 11. Nbd2 Bb7 12. a4 c5 13. d5 c4 14. Bc2 Nc5 15. Nf1
Re8 16. Ng3 g6 17. Bh6 Bf8 18. Qd2 Bg7 19. Nh2 Qe7 20. Rf1 Bxh6 21. Qxh6 Qf8
22. Qd2 Qg7 23. a5 Bc8 24. f4 Qh6 25. Rad1 exf4 26. Rxf4 Nh5 27. Nxh5 Qxh5 28.
Rdf1 Ra7 29. Nf3 Qh6 30. Nd4 Nxe4 31. Qe1 Nf6 32. Qf2 Nxd5 33. Rxf7 Rae7 34.
Rxe7 Rxe7 35. Nc6 Rc7 36. Be4 Ne3 37. Qf6 Nxf1 38. Bd5+ 1-0

[Event "19. Wch 2009 Veteranos"]
[Site "Condino ITA"]
[Date "2009.10.31"]
[Round "5.14"]
[White "Karl, Hans"]
[Black "Karasev, Vladimir I"]
[Result "1/2-1/2"]
[WhiteElo "2229"]
[BlackElo "2365"]
[PlyCount "177"]
[EventDate "2009.10.27"]
[EventType "swiss"]
[EventRounds "11"]
[EventCountry "ITA"]
[Source "lmi"]
[SourceDate "2009.10.27"]

1. d4 Nf6 2. c4 e6 3. Nc3 Bb4 4. Qc2 c5 5. e3 cxd4 6. exd4 Nc6 7. Nf3 d5 8. a3
Be7 9. c5 b6 10. Bb5 Bd7 11. b4 bxc5 12. bxc5 Ne4 13. O-O Nxc3 14. Qxc3 O-O 15.
Bf4 Bf6 16. Bxc6 Bxc6 17. Bd6 Re8 18. Rab1 Rc8 19. Rfe1 Be7 20. Bf4 Bf8 21. Rb3
Qf6 22. Qe3 Qf5 23. h3 f6 24. g4 Qg6 25. Bg3 Qf7 26. Rc3 g5 27. Qd2 h5 28. Qc1
hxg4 29. hxg4 Bg7 30. Bd6 Qd7 31. Nh2 Qf7 32. Rce3 e5 33. dxe5 fxe5 34. Rf3 Qe6
35. Qxg5 e4 36. Rh3 d4 37. Qh5 d3 38. Qh7+ Kf7 39. Rh5 Rg8 40. Rf5+ Ke8 41.
Qh5+ Kd8 42. Rf7 Bf6 43. Qh7 Re8 44. Rxa7 Be7 45. Bxe7+ Rxe7 46. Qh8+ Re8 47.
Qd4+ Bd7 48. Rxe4 Qc6 49. Rxe8+ Kxe8 50. Qxd3 Qe6 51. Qe3 Qxe3 52. fxe3 Rxc5
53. Kf2 Rc2+ 54. Kg3 Re2 55. Nf3 Rxe3 56. Kf4 Re2 57. Ne5 Be6 58. g5 Rf2+ 59.
Ke4 Re2+ 60. Kd4 Rd2+ 61. Ke3 Rd1 62. g6 Kf8 63. Nf3 Bg4 64. Ne5 Be6 65. Nc6
Rg1 66. Ne5 Re1+ 67. Kd4 Rd1+ 68. Kc3 Re1 69. Nd3 Re4 70. Rc7 Ra4 71. Kb2 Rg4
72. Ne5 Rg5 73. Nd7+ Bxd7 74. Rxd7 Rxg6 75. a4 Ke8 76. Rd4 Ke7 77. Kb3 Rd6 78.
Rh4 Kd7 79. Kb4 Kc7 80. Kb5 Kb7 81. Rh7+ Kb8 82. a5 Rg6 83. Rh8+ Ka7 84. Rh7+
Kb8 85. a6 Rg1 86. a7+ Ka8 87. Kb6 Rb1+ 88. Kc6 Rb6+ 89. Kxb6 1/2-1/2

[Event "19. Wch 2009 Veteranos"]
[Site "Condino ITA"]
[Date "2009.10.31"]
[Round "5.15"]
[White "Jakobsen, Ole"]
[Black "Rosino, Antonio"]
[Result "1/2-1/2"]
[WhiteElo "2344"]
[BlackElo "2229"]
[PlyCount "65"]
[EventDate "2009.10.27"]
[EventType "swiss"]
[EventRounds "11"]
[EventCountry "ITA"]
[Source "lmi"]
[SourceDate "2009.10.27"]

1. d4 d5 2. Nf3 Nf6 3. c4 c6 4. Qc2 e6 5. g3 Nbd7 6. Bg2 Bd6 7. O-O O-O 8. Nbd2
Qe7 9. Rd1 b6 10. e4 Nxe4 11. Nxe4 dxe4 12. Qxe4 Bb7 13. Ne5 Nxe5 14. dxe5 Bc5
15. Be3 Bxe3 16. Qxe3 Rfd8 17. h4 c5 18. Bxb7 Qxb7 19. Rd3 Rxd3 20. Qxd3 Qc7
21. Rd1 g6 22. f4 Kf8 23. Kf2 h5 24. b3 Ke8 25. Qf3 Rd8 26. Ke2 Rxd1 27. Kxd1
Qd7+ 28. Kc2 Kf8 29. Qe4 Kg7 30. a4 a5 31. Kc1 Qd8 32. Kc2 Qd7 33. Kc1 1/2-1/2

[Event "19. Wch 2009 Veteranos"]
[Site "Condino ITA"]
[Date "2009.10.31"]
[Round "5.16"]
[White "Sawadkuhi, Massoud Amir"]
[Black "Altshul, Raffael"]
[Result "1/2-1/2"]
[WhiteElo "2228"]
[BlackElo "2343"]
[PlyCount "79"]
[EventDate "2009.10.27"]
[EventType "swiss"]
[EventRounds "11"]
[EventCountry "ITA"]
[Source "lmi"]
[SourceDate "2009.10.27"]

1. e4 g6 2. d4 d6 3. Nc3 c6 4. a4 Bg7 5. Be3 Nf6 6. Be2 O-O 7. Nf3 Bg4 8. O-O
Nbd7 9. a5 d5 10. e5 Ne8 11. Ng5 Bxe2 12. Nxe2 Nc7 13. Nf4 e6 14. Qg4 Qe7 15.
Rfe1 Rfe8 16. Bd2 Nf8 17. Nd3 f6 18. Bb4 Qd8 19. Bxf8 fxg5 20. Bxg7 Kxg7 21.
Nc5 Rb8 22. Ra3 h5 23. Qd1 Rf8 24. Rf3 b6 25. Rxf8 Kxf8 26. Qf3+ Kg8 27. axb6
axb6 28. Nd3 Ra8 29. g4 h4 30. h3 Qe7 31. Qe3 Kg7 32. Rf1 Rf8 33. Ra1 Ra8 34.
Rf1 Rf8 35. c3 Kh7 36. Ra1 Ra8 37. Ne1 c5 38. Nf3 Kg7 39. Nxg5 Nb5 40. Nf3
1/2-1/2

[Event "19. Wch 2009 Veteranos"]
[Site "Condino ITA"]
[Date "2009.10.31"]
[Round "5.18"]
[White "Onoprienko, Vladimir"]
[Black "Hvenekilde, Jorgen"]
[Result "1-0"]
[WhiteElo "2324"]
[BlackElo "2163"]
[PlyCount "68"]
[EventDate "2009.10.27"]
[EventType "swiss"]
[EventRounds "11"]
[EventCountry "ITA"]
[Source "lmi"]
[SourceDate "2009.10.27"]

1. e4 e5 2. Nf3 d6 3. d4 exd4 4. Qxd4 a6 5. Bg5 Nc6 6. Qd2 Nf6 7. Nc3 Be7 8.
O-O-O O-O 9. h3 b5 10. Qf4 b4 11. Nd5 Nxd5 12. exd5 Ne5 13. Bxe7 Qxe7 14. Re1
Bb7 15. Qxb4 a5 16. Qxb7 Rfb8 17. Rxe5 dxe5 18. Qc6 e4 19. Nd4 Qe5 20. Qc3 Qxd5
21. Bc4 Qg5+ 22. Qe3 Qxg2 23. Re1 Rd8 24. Nf5 c6 25. Qf4 Ra7 26. Nh4 Qxh3 27.
Qg5 Rad7 28. Nf5 g6 29. Nh6+ Kg7 30. Nxf7 Re8 31. Ne5 Rc7 32. Ng4 Qf3 33. Rg1
Qf5 34. Qd2 Rf8 1-0

[Event "19. Wch 2009 Veteranos"]
[Site "Condino ITA"]
[Date "2009.10.31"]
[Round "5.19"]
[White "Ozbilen, Hayri"]
[Black "Jacobsen, Bo"]
[Result "0-1"]
[WhiteElo "2113"]
[BlackElo "2321"]
[PlyCount "56"]
[EventDate "2009.10.27"]
[EventType "swiss"]
[EventRounds "11"]
[EventCountry "ITA"]
[Source "lmi"]
[SourceDate "2009.10.27"]

1. e4 e5 2. Nf3 Nc6 3. Bb5 Nf6 4. O-O d6 5. d4 Bd7 6. Bxc6 Bxc6 7. d5 Bd7 8.
Re1 Be7 9. c4 O-O 10. Nbd2 b6 11. Nf1 Kh8 12. b4 a5 13. c5 axb4 14. c6 Bg4 15.
h3 Bxf3 16. Qxf3 Ra4 17. Qb3 Qa8 18. Bd2 Qa5 19. f3 Ra8 20. Re2 Qb5 21. Kf2 Nh5
22. g3 g6 23. Ne3 Nxg3 24. Ree1 Bh4 25. Kg2 Ne2 26. Nc4 Bxe1 27. Rxe1 Nd4 28.
Qd3 Ra3 0-1

[Event "19. Wch 2009 Veteranos"]
[Site "Condino ITA"]
[Date "2009.10.31"]
[Round "5.20"]
[White "Busu, Corneliu"]
[Black "Taksrud, Vidar"]
[Result "1/2-1/2"]
[WhiteElo "2320"]
[BlackElo "2111"]
[PlyCount "66"]
[EventDate "2009.10.27"]
[EventType "swiss"]
[EventRounds "11"]
[EventCountry "ITA"]
[Source "lmi"]
[SourceDate "2009.10.27"]

1. d4 d5 2. c4 c6 3. Nc3 Nf6 4. Nf3 e6 5. Bg5 Nbd7 6. e3 Qa5 7. Bxf6 Nxf6 8.
cxd5 Nxd5 9. Qb3 Ba3 10. Kd2 Bd6 11. Bd3 O-O 12. a3 h6 13. Ke2 Rd8 14. Ne4 c5
15. Nxd6 Rxd6 16. dxc5 Qxc5 17. Rac1 Rb6 18. Rxc5 Rxb3 19. Rc2 Bd7 20. Rhc1 g5
21. Nd2 Rb6 22. Nc4 Rc6 23. b4 Rac8 24. Kd2 b6 25. Ne5 Rxc2+ 26. Rxc2 Rxc2+ 27.
Bxc2 Be8 28. Be4 Ne7 29. Nc4 f5 30. Bb7 Kg7 31. f4 Kf6 32. g3 Ng6 33. Nd6 Bd7
1/2-1/2

[Event "19. Wch 2009 Veteranos"]
[Site "Condino ITA"]
[Date "2009.10.31"]
[Round "5.21"]
[White "Andersson, Kaj"]
[Black "Wahlbom, Magnus"]
[Result "1/2-1/2"]
[WhiteElo "2092"]
[BlackElo "2318"]
[PlyCount "44"]
[EventDate "2009.10.27"]
[EventType "swiss"]
[EventRounds "11"]
[EventCountry "ITA"]
[Source "lmi"]
[SourceDate "2009.10.27"]

1. d4 Nf6 2. c4 e6 3. Nc3 Bb4 4. Bd2 O-O 5. e3 d5 6. Bd3 dxc4 7. Bxc4 Nbd7 8.
Nge2 b6 9. a3 Bd6 10. e4 e5 11. Bg5 Bb7 12. d5 h6 13. Bh4 a6 14. O-O Re8 15.
Rc1 g5 16. Bg3 Nh5 17. f3 Nf4 18. Bf2 Nf6 19. Ng3 Bc8 20. Qd2 Kh7 21. Be3 Rg8
22. Kh1 Rg7 1/2-1/2

[Event "19. Wch 2009 Veteranos"]
[Site "Condino ITA"]
[Date "2009.10.31"]
[Round "5.22"]
[White "Pipitone, Antonio"]
[Black "Jorgensen, Jorgen"]
[Result "0-1"]
[WhiteElo "2058"]
[BlackElo "2315"]
[PlyCount "118"]
[EventDate "2009.10.27"]
[EventType "swiss"]
[EventRounds "11"]
[EventCountry "ITA"]
[Source "lmi"]
[SourceDate "2009.10.27"]

1. e4 Nf6 2. e5 Nd5 3. d4 d6 4. c4 Nb6 5. f4 dxe5 6. fxe5 Bf5 7. Nf3 e6 8. Nc3
Be7 9. Be3 O-O 10. Be2 f6 11. O-O Nc6 12. Rc1 fxe5 13. d5 Nd4 14. Nxd4 exd4 15.
Bxd4 exd5 16. cxd5 Bg5 17. Ra1 Qe7 18. Qb3 Kh8 19. Bf3 Be3+ 20. Bxe3 Qxe3+ 21.
Kh1 Rae8 22. h3 Bxh3 23. Rfe1 Qh6 24. Rxe8 Rxe8 25. Kg1 Qe3+ 26. Kh2 Bd7 27.
Qb4 Qe5+ 28. Kg1 Qe3+ 29. Kh2 g5 30. Rd1 Qe5+ 31. Kg1 Kg7 32. a4 a5 33. Qd4
Qxd4+ 34. Rxd4 Re5 35. Kf2 h6 36. b3 Kf8 37. Ne2 Ke8 38. Nc3 Bf5 39. d6 c6 40.
b4 Kd7 41. bxa5 Nc8 42. Be4 Nxd6 43. Bxf5+ Rxf5+ 44. Ke3 Kc7 45. a6 bxa6 46. g4
Rf1 47. Ne2 a5 48. Kd2 Rf3 49. Ke1 Ra3 50. Kd2 c5 51. Rd3 Rxa4 52. Nc3 Rxg4 53.
Nd5+ Kb7 54. Rb3+ Kc6 55. Ne7+ Kd7 56. Ng8 Rh4 57. Kc1 Ke6 58. Rb6 a4 59. Ra6
Ke5 0-1

[Event "19. Wch 2009 Veteranos"]
[Site "Condino ITA"]
[Date "2009.10.31"]
[Round "5.23"]
[White "Gutman, Lev"]
[Black "Buxade, Roca Guillermo"]
[Result "1/2-1/2"]
[WhiteElo "2457"]
[BlackElo "2175"]
[PlyCount "96"]
[EventDate "2009.10.27"]
[EventType "swiss"]
[EventRounds "11"]
[EventCountry "ITA"]
[Source "lmi"]
[SourceDate "2009.10.27"]

1. Nf3 Nf6 2. g3 g6 3. Bg2 Bg7 4. O-O d5 5. c4 c6 6. cxd5 cxd5 7. d4 Nc6 8. Ne5
Qb6 9. Nxc6 Qxc6 10. Nc3 O-O 11. Bg5 Be6 12. Bxf6 Bxf6 13. e4 Qd7 14. exd5 Bf5
15. Re1 h5 16. h4 Rac8 17. Bf1 Rfd8 18. Qd2 Qd6 19. Rad1 a6 20. a4 Kg7 21. Qe3
Qb4 22. Rd2 Rd7 23. Kh2 Rcd8 24. Bh3 Bxh3 25. Kxh3 b5 26. axb5 axb5 27. Qd3 Qb3
28. Re3 Rb8 29. d6 Rxd6 30. Qe2 Qc4 31. d5 Qxe2 32. Rexe2 Bxc3 33. bxc3 Kf6 34.
Rd4 Rbd8 35. Rf4+ Kg7 36. Rxe7 Rf6 37. Rd4 Rxf2 38. d6 Rf6 39. Re5 Rfxd6 40.
Rxd6 Rxd6 41. Rxb5 Rc6 42. Rb3 Kf6 43. Kg2 Ke5 44. Kf3 Rc4 45. Ke3 Rg4 46. Rb5+
Kf6 47. Rb6+ Ke5 48. Rb5+ Kf6 1/2-1/2

[Event "19. Wch 2009 Veteranos"]
[Site "Condino ITA"]
[Date "2009.10.31"]
[Round "5.25"]
[White "Kernazhitsky, Leonid"]
[Black "Nielsen, Kai Sten"]
[Result "1-0"]
[WhiteElo "2327"]
[BlackElo "2162"]
[PlyCount "59"]
[EventDate "2009.10.27"]
[EventType "swiss"]
[EventRounds "11"]
[EventCountry "ITA"]
[Source "lmi"]
[SourceDate "2009.10.27"]

1. e4 c5 2. Nc3 Nc6 3. Bb5 a6 4. Bxc6 dxc6 5. d3 e5 6. Nge2 Bd6 7. O-O g5 8.
Ng3 h6 9. Be3 Ne7 10. Na4 Qa5 11. c3 Be6 12. b4 Qd8 13. Nxc5 Bxc5 14. Bxc5 Ng6
15. Be3 Qc7 16. Qc2 Nf4 17. d4 f6 18. Rfd1 O-O-O 19. a4 Bc4 20. Rd2 h5 21. Rad1
h4 22. Nf5 h3 23. g3 Ng2 24. dxe5 Nxe3 25. Nxe3 Bf7 26. exf6 Qe5 27. Rxd8+ Rxd8
28. Rxd8+ Kxd8 29. Qd2+ Kc8 30. Qd4 1-0

[Event "19. Wch 2009 Veteranos"]
[Site "Condino ITA"]
[Date "2009.10.31"]
[Round "5.26"]
[White "Grinberg, Iosif P"]
[Black "Kock, Hans-Uwe"]
[Result "1-0"]
[WhiteElo "2282"]
[BlackElo "2137"]
[PlyCount "91"]
[EventDate "2009.10.27"]
[EventType "swiss"]
[EventRounds "11"]
[EventCountry "ITA"]
[Source "lmi"]
[SourceDate "2009.10.27"]

1. c4 Nf6 2. d4 d6 3. Nc3 g6 4. g3 Bg7 5. Bg2 c6 6. Nf3 O-O 7. O-O Nbd7 8. Qc2
e5 9. Rd1 Qe7 10. d5 c5 11. a3 Ne8 12. e4 Nb6 13. b3 f5 14. exf5 gxf5 15. Ng5
Nc7 16. a4 a5 17. Nb5 Nxb5 18. axb5 e4 19. Ra2 h6 20. Nh3 Nd7 21. Nf4 Ne5 22.
Bb2 Re8 23. b6 Qd8 24. Rda1 Qxb6 25. Bc3 Qd8 26. Bxa5 Qe7 27. Bc3 Rxa2 28. Rxa2
Qg5 29. Ra8 Kf7 30. Rb8 Bf6 31. b4 Nf3+ 32. Bxf3 exf3 33. h4 Qg4 34. Bxf6 Kxf6
35. Qc3+ Kf7 36. bxc5 dxc5 37. Qa5 Qg8 38. Qc7+ Kf6 39. Qd6+ Kf7 40. Rxc8 Re1+
41. Kh2 Qxc8 42. Qg6+ Ke7 43. d6+ Kd8 44. Qf6+ Ke8 45. Nd5 Qc6 46. Nb6 1-0

[Event "19. Wch 2009 Veteranos"]
[Site "Condino ITA"]
[Date "2009.10.31"]
[Round "5.28"]
[White "Muratoglu, Salih"]
[Black "Rooze, Jan"]
[Result "0-1"]
[WhiteElo "2111"]
[BlackElo "2253"]
[PlyCount "88"]
[EventDate "2009.10.27"]
[EventType "swiss"]
[EventRounds "11"]
[EventCountry "ITA"]
[Source "lmi"]
[SourceDate "2009.10.27"]

1. d4 Nf6 2. c4 c5 3. Nf3 cxd4 4. Nxd4 b6 5. Nc3 Bb7 6. Qc2 e6 7. e4 Bc5 8. Nb3
Be7 9. Bf4 Nc6 10. a3 O-O 11. Be2 Rc8 12. O-O a6 13. e5 Ne8 14. Rad1 Qc7 15.
Rd3 Nxe5 16. Rfd1 Nf6 17. Rg3 d6 18. Bxe5 dxe5 19. Qd2 Rfd8 20. Qg5 Rxd1+ 21.
Nxd1 g6 22. Qh6 Rd8 23. Ne3 Bf8 24. Qh4 Bg7 25. Rh3 Be4 26. g4 h6 27. Nf1 g5
28. Qg3 Bg6 29. Qc3 Ne4 30. Qb4 Bf8 31. Qe1 a5 32. Nfd2 Nxd2 33. Nxd2 Rd4 34.
Nb3 Rf4 35. f3 e4 36. Nd2 Qe5 37. Kh1 exf3 38. Rxf3 Rxg4 39. h3 Bd6 40. Rf2 Rg3
41. Rf3 Rxf3 42. Nxf3 Be4 43. Qf2 Qxb2 44. Qe3 f5 0-1

[Event "19. Wch 2009 Veteranos"]
[Site "Condino ITA"]
[Date "2009.10.31"]
[Round "5.29"]
[White "Gruzmann, Boris"]
[Black "Laco, Giuseppe"]
[Result "1-0"]
[WhiteElo "2251"]
[BlackElo "2127"]
[PlyCount "75"]
[EventDate "2009.10.27"]
[EventType "swiss"]
[EventRounds "11"]
[EventCountry "ITA"]
[Source "lmi"]
[SourceDate "2009.10.27"]

1. e4 c5 2. Nf3 e6 3. c4 b6 4. Nc3 Nc6 5. d4 cxd4 6. Nxd4 Nxd4 7. Qxd4 Bb7 8.
Be2 f6 9. O-O Bc5 10. Qd3 Bc6 11. a3 a5 12. Rb1 a4 13. Be3 Ne7 14. f4 O-O 15.
Bf3 Ng6 16. g3 Qe7 17. Nd1 Rfd8 18. Kg2 d6 19. Bd2 Qb7 20. Nc3 Ne7 21. Rbd1 Kh8
22. Bc1 Rac8 23. h3 Qa8 24. Kh2 g6 25. Qe2 Re8 26. Nb5 Bxb5 27. cxb5 Qa7 28. e5
dxe5 29. fxe5 f5 30. Bg5 Kg8 31. Rd3 Qa5 32. Rd7 Nd5 33. Rd1 Nc7 34. Bc6 Rf8
35. Bh6 Rf7 36. Rxf7 Kxf7 37. Rd7+ Kg8 38. Qd1 1-0

[Event "19. Wch 2009 Veteranos"]
[Site "Condino ITA"]
[Date "2009.10.31"]
[Round "5.30"]
[White "Rubinstein, Mark"]
[Black "Simon, Padros Emili"]
[Result "0-1"]
[WhiteElo "2019"]
[BlackElo "2237"]
[PlyCount "86"]
[EventDate "2009.10.27"]
[EventType "swiss"]
[EventRounds "11"]
[EventCountry "ITA"]
[Source "lmi"]
[SourceDate "2009.10.27"]

1. d4 e6 2. c4 f5 3. Nc3 Nf6 4. Bf4 Bb4 5. Qb3 Bxc3+ 6. Qxc3 O-O 7. Nf3 d6 8.
e3 Nbd7 9. Be2 b6 10. O-O Bb7 11. Rad1 Qe7 12. h3 Ne4 13. Qc2 g5 14. Bg3 Ndf6
15. Ne1 h5 16. Bh2 g4 17. h4 Nd7 18. g3 Ndf6 19. Ng2 e5 20. Bd3 Rad8 21. f3
gxf3 22. Rxf3 Nc3 23. Rxf5 Nxd1 24. Qxd1 Rf7 25. Be2 Be4 26. Rg5+ Rg7 27. Bxh5
Rxg5 28. hxg5 Nxh5 29. Qxh5 Qh7 30. g4 exd4 31. Nf4 dxe3 32. g6 Qxh5 33. gxh5
Re8 34. Bg3 Kg7 35. Be1 Kh6 36. Bc3 Bf3 37. Kf1 Bxh5 38. Nxh5 Kxh5 39. g7 Kg6
40. Ke2 Kf7 41. Bd4 Re4 42. Bxe3 Rxc4 43. Kd3 Ra4 0-1

[Event "19. Wch 2009 Veteranos"]
[Site "Condino ITA"]
[Date "2009.10.31"]
[Round "5.31"]
[White "Cavatorta, Fosco"]
[Black "Acers, Jude"]
[Result "0-1"]
[WhiteElo "1931"]
[BlackElo "2226"]
[PlyCount "56"]
[EventDate "2009.10.27"]
[EventType "swiss"]
[EventRounds "11"]
[EventCountry "ITA"]
[Source "lmi"]
[SourceDate "2009.10.27"]

1. d4 d5 2. Nf3 Bg4 3. Ne5 Bf5 4. c4 f6 5. Nf3 e6 6. Qb3 Nc6 7. Bd2 Rb8 8. a3
Qd7 9. e3 Bg4 10. cxd5 exd5 11. Nc3 Nge7 12. Bb5 a6 13. Bd3 b5 14. Qc2 g6 15.
Rc1 Rb6 16. Na2 Qe6 17. Nb4 Bxf3 18. gxf3 Nxd4 19. Qxc7 Nxf3+ 20. Kd1 Nxd2 21.
Kxd2 Kf7 22. Nxd5 Rd6 23. Nf4 Qe5 24. Rc2 Bh6 25. Ne2 Rhd8 26. Rc3 Rxd3+ 27.
Rxd3 Rxd3+ 28. Kxd3 Qxc7 0-1

[Event "19. Wch 2009 Veteranos"]
[Site "Condino ITA"]
[Date "2009.10.31"]
[Round "5.32"]
[White "Van Den Berg, Ad"]
[Black "Sevenyuk, Alexey"]
[Result "1/2-1/2"]
[WhiteElo "2220"]
[BlackElo "1900"]
[PlyCount "70"]
[EventDate "2009.10.27"]
[EventType "swiss"]
[EventRounds "11"]
[EventCountry "ITA"]
[Source "lmi"]
[SourceDate "2009.10.27"]

1. e4 c5 2. Nc3 Nc6 3. Nf3 g6 4. d4 cxd4 5. Nxd4 Bg7 6. Be3 d6 7. Bc4 Nf6 8. f3
Bd7 9. Qe2 O-O 10. O-O-O Na5 11. Bb3 a6 12. Kb1 e5 13. Nf5 gxf5 14. Rxd6 Nxb3
15. axb3 Qc7 16. Rhd1 b5 17. Rxf6 Be6 18. Rxf5 Bxf5 19. exf5 Rad8 20. Rxd8 Rxd8
21. g4 Qd7 22. Bb6 Rb8 23. Bc5 Rd8 24. Bb6 Rb8 25. Bf2 Rd8 26. Bh4 f6 27. Qe4
Qd4 28. b4 Qxe4 29. Nxe4 Rd1+ 30. Ka2 Kf7 31. g5 fxg5 32. Nxg5+ Kf6 33. Ne6+
Kf7 34. Bg3 Bf6 35. Nc5 Rf1 1/2-1/2

[Event "19. Wch 2009 Veteranos"]
[Site "Condino ITA"]
[Date "2009.10.31"]
[Round "5.35"]
[White "Anguera, Maestro Jaime"]
[Black "Tribuiani, Renato"]
[Result "1-0"]
[WhiteElo "2235"]
[BlackElo "2071"]
[PlyCount "103"]
[EventDate "2009.10.27"]
[EventType "swiss"]
[EventRounds "11"]
[EventCountry "ITA"]
[Source "lmi"]
[SourceDate "2009.10.27"]

1. d4 d5 2. Nf3 e6 3. Bf4 Bd6 4. Bg3 Nf6 5. e3 c5 6. c3 O-O 7. Nbd2 b6 8. Bd3
Bb7 9. Bh4 Be7 10. Bxf6 Bxf6 11. O-O Nc6 12. Qe2 e5 13. dxe5 Nxe5 14. Nxe5 Bxe5
15. Qh5 Re8 16. Qxh7+ Kf8 17. Nf3 Bf6 18. Rfe1 g6 19. Bxg6 Bg7 20. Bh5 Re6 21.
Rad1 Qf6 22. Bg4 Rd6 23. Qf5 Qe7 24. Qg5 Bf6 25. Qf4 Rad8 26. Bf5 Bg7 27. g4
Rh6 28. g5 Rhd6 29. h4 b5 30. h5 Ra6 31. h6 Bh8 32. Bc2 Kg8 33. a3 Re6 34. Qg4
a5 35. Bf5 Red6 36. Nh4 b4 37. g6 fxg6 38. Nxg6 Rxg6 39. Qxg6+ Kf8 40. Be6 Qf6
41. Qxf6+ Bxf6 42. axb4 Rd6 43. Bf5 axb4 44. e4 Bg5 45. h7 Rh6 46. exd5 bxc3
47. bxc3 Rh5 48. Re4 Rh6 49. Rg4 Bf6 50. Rg6 Rxg6+ 51. Bxg6 Bxc3 52. d6 1-0

[Event "19. Wch 2009 Veteranos"]
[Site "Condino ITA"]
[Date "2009.10.31"]
[Round "5.36"]
[White "Candea, Gheorghe"]
[Black "Olesen, Poul Erik Norgaard"]
[Result "1/2-1/2"]
[WhiteElo "2232"]
[BlackElo "2060"]
[PlyCount "38"]
[EventDate "2009.10.27"]
[EventType "swiss"]
[EventRounds "11"]
[EventCountry "ITA"]
[Source "lmi"]
[SourceDate "2009.10.27"]

1. e4 d6 2. Bc4 Nf6 3. d3 c6 4. Ne2 g6 5. O-O Bg7 6. c3 O-O 7. Bb3 e5 8. Bg5 h6
9. Bh4 Nbd7 10. Bg3 Nh5 11. d4 Qe7 12. dxe5 dxe5 13. Nd2 Nc5 14. Bc2 Rd8 15.
Qc1 Bg4 16. f3 Nxg3 17. Nxg3 Be6 18. Nb3 Nxb3 19. axb3 Bxb3 1/2-1/2